000 00397nam a2200145Ia 4500
008 231129s1978||||xx |||||||||||||| ||spa||
020 _a84-303-0716-8 (obra
040 _bspa
082 _aR 909.07 C178h
100 _aCambridge University Press.
245 0 _aHistoria del mundo en la edad media
260 _c1978
264 _aRamon Sopena
942 _2ddc
_cBKS
999 _c15269
_d15269